000 00650nam a22001937a 4500
005 20180626151049.0
010 _aENG-123283
020 _c185.00
_a9789352833900
035 _aEN-106815
037 _bDBAD/PUB
082 _a000
245 _aSBI State Bank Of India Probationary Officers (PO):
_cby S. Chand Experts
_bonline preliminary exam 2018/
260 _aNew Delhi
_bS Chand Publishing
_c2018
270 _aRam Nagar.
_bNew Delhi
_e110055
300 _a252p.
_c25cm(pbk)
490 _aS.Chand's Exam Success Series
500 _a15 practice sets and 5 solved papers with complete solution
942 _2ddc
_cEN
_mCHA
_h000
999 _c152919
_d152919